|
|
|
|
| LEADER |
00000nab a2200000 4500 |
| 001 |
vtls011968747 |
| 003 |
SK-MaSNL |
| 005 |
20260318115207.0 |
| 008 |
200522c2018 xo er|n || ||00 c0ukr |
| 015 |
|
|
|a SNBRB2020/05
|
| 038 |
|
|
|a SVKPOCL
|
| 040 |
|
|
|a SVKPOCL
|b slo
|c SVKPOCL
|e rda
|
| 041 |
0 |
|
|a ukr
|
| 043 |
|
|
|a e-xo---
|
| 044 |
|
|
|a xo
|c SK
|
| 072 |
|
7 |
|a 616
|x Patológia. Klinická medicína
|2 konspekt
|
| 072 |
|
7 |
|a 06
|x Organizácie všeobecnej povahy
|2 konspekt
|
| 080 |
|
|
|a 331.108.54
|2 2011
|
| 080 |
|
|
|a 61-051
|2 2011
|
| 080 |
|
|
|a 616.8-089-051:06.05-051
|2 2011
|
| 080 |
|
|
|a (437.6)
|2 2011
|
| 080 |
|
|
|a 929 Šteňo, Juraj
|2 2011
|
| 080 |
|
|
|a 06.05-051
|2 2011
|
| 100 |
1 |
|
|a Medviď, Peter,
|d 1981-
|4 aut
|9 268505
|
| 245 |
1 |
0 |
|a Juraj Šteňo - fachman na nevrologiu
|c [autor] -pem-
|
| 246 |
1 |
0 |
|i Iný názov:
|a Jubileji v 2018-im roci - 8
|
| 300 |
|
|
|b Fotografie
|
| 336 |
|
|
|a text
|b txt
|2 rdacontent
|
| 337 |
|
|
|a bez média
|b n
|2 rdamedia
|
| 338 |
|
|
|a zväzok
|b nc
|2 rdacarrier
|
| 500 |
|
|
|a V rubrike Našў osobnosty
|
| 600 |
1 |
7 |
|a Šteňo, Juraj,
|d 1948-
|2 svkpocl
|9 244277
|
| 648 |
|
7 |
|a 22.11.1948
|2 svkpocl
|9 1604522
|
| 650 |
0 |
7 |
|a neurochirurgovia
|2 SNKPH
|9 198732
|
| 650 |
0 |
7 |
|a osobnosti
|2 SNKPH
|9 29820
|
| 650 |
0 |
7 |
|a Rusíni
|2 SNKPH
|9 4087
|
| 650 |
0 |
7 |
|a rodáci
|2 SNKPH
|9 30842
|
| 650 |
0 |
7 |
|a biografia
|2 SNKPH
|9 71085
|
| 650 |
0 |
7 |
|a neurochirurgia
|2 SNKPH
|9 2549
|
| 651 |
|
7 |
|a Bratislava (Slovensko)
|2 SNKPHgeo
|9 14568
|
| 651 |
|
7 |
|a Klenová (Slovensko)
|2 SNKPHgeo
|9 29353
|
| 773 |
0 |
|
|t NN info Rusyn
|g Roč. XV (27), č. 21 (2018), s. 11
|x 2454-0013
|
| 852 |
|
|
|a SVKPO
|b KIS3GCP
|
| 856 |
4 |
2 |
|y Elektronická verzia informačného dvojtýždenníka je na: http://www.rusyn.sk
|
| 958 |
|
|
|a RN
|
| 958 |
|
|
|a SS
|
| 958 |
|
|
|a BX
|
| 958 |
|
|
|a SK
|
| 958 |
|
|
|a NM
|
| 999 |
|
|
|c 3304775
|d 3306705
|